000 00826nam a22002177a 4500
003 0
005 20250129103816.0
008 150923b xxu||||| |||| 00| 0 eng d
050 _aPGS GV 1469.3
_b.M539 2015
100 _aMendoza, Kristan Antomio B.
245 _aVideo games engagement and level of self-responsibility /
_cKristan Antomio B. Mendoza.
260 _aLas PiƱas City, Philippines :
_bSouthville International School and Colleges,
_c2015.
300 _a32 p. :
_c28 cm.
504 _aIncludes bibliographical references.
650 _2Library of Congress Subject Headings
_aVideo games
_vSocial aspects.
650 _2Library of Congress Subject Headings
_aResponsibility in children.
650 _aChildren
_vBehavior.
650 _aGaming behavior.
650 _aGrade 6 (Education).
942 _2lcc
_cPASS
999 _c288723
_d288723